000 00863nam a2200229Ii 4500
003 JO-AjNU
008 230605s9999||||xx |||||||||||||| ||und||
017 _a1998/8/1237
020 _a978-9957-00-020-9
040 _aJO-AjNU
_bara
_erda
_cJO-AjNU
041 _aara
050 1 4 _aHV 1568 .K42 2009
100 3 _aتأليف: الخطيب، جمال,
_eauthor
_922710
245 0 0 _aمقدمة في الاعاقات الجسمية والصحية
250 _aط1 العربية
264 3 1 _aعمان: دار الشروق للنشر والتوزيع، 2009
300 _a309ص
_bيحتوي على معجم مصطلحات من ص 301-309ص
336 _atext
_btxt
_2rdacontent
337 _aunmediated
_bn
_2rdamedia
338 _avolume
_bnc
_2rdacarrier
650 4 _aالمعوقون - تعليم - الخدمة الاجتماعية للمعوقون
_922711
999 _aA8104
_c11672
_d11672